Transferencia de calor, masa y momentum: casos de estudio

Guardat en:
Dades bibliogràfiques
Autors principals: Gelmi Weston, Claudio (Autor), Saa Higuera, Pedro (Autor)
Format: Llibre
Idioma:espanyol
Publicat: Santiago Universidad Católica de Chile 2011
Edició:1a. ed
Col·lecció:Textos Universitarios
Matèries:
Etiquetes: Afegir etiqueta
Sense etiquetes, Sigues el primer a etiquetar aquest registre!

MARC

LEADER 00000cam a2200000 a 4500
001 UCF6512
003 CL-VaPUC
008 130503e20110000CL |||||||||||||||||spa|d
020 |a 9789561412101 
082 0 4 |a 621.4022  |b GEL  |2 21 
100 |a Gelmi Weston, Claudio  |e author  |9 579273 
700 0 |a Saa Higuera, Pedro  |e author  |9 568506 
245 1 0 |a Transferencia de calor, masa y momentum: casos de estudio 
250 |a 1a. ed 
300 |a 166 p 
942 |c BK 
945 |d 20130503 00:00:00  |a cmena 
260 |a Santiago  |b Universidad Católica de Chile  |c 2011 
650 0 |a Transferencia de masa  |9 259375 
650 0 |a Transferencia de calor  |9 336631 
583 |a last modification  |c 20130503 10:06:00  |k Rodrigo Vera 
490 0 |a Textos Universitarios 
999 |c 351681  |d 351679 
952 |0 0  |1 0  |4 0  |6 621_402200000000000_GEL_2011  |7 0  |8 A  |9 455951  |a BIBMEC  |b BIBMEC  |d 2019-11-22  |i 4969332  |o 621.4022 GEL 2011  |p 4969332  |r 2024-01-19  |w 2019-11-22  |y BK  |k MEC